000 04128nam a2200337 4500
003 OSt
005 20260515102809.0
008 260515b |||||||| |||| 00| 0 aze d
040 _aAZ-XaKU
_baze
_cAZ-XaKU
041 _aaze
050 1 4 _aHC79 .Ln898 2017
100 1 _aİbrahimov, İslam,
_emüəllif.
245 1 _aSənayedə investisiya və innovasiya fəalliyəti
_c/ İslam İbrahimov, Kərim Kərimov ; elmi redaktor Bəyalı Ataşov, ; rəyçilər Qənimət Səfərov, Arif Hüseynov
264 _aBakı:
_bBakı Biznes Universiteti,
_c2017.
300 _a254 səhifə ;
_c21,5 sm.
336 _atext
_btxt
_2rdacontent
337 _aunmediated
_bn
_2rdamedia
338 _avolume
_bnc
_2rdacarrier
504 _aİstifadə olunmuş ədəbiyyat siyahısı: s. 248-249
505 0 _aGiriş -- Mövzu 1. İnvestisiya qoyuluşunun mahiyyəti və formaları -- Mövzu 2. İnvestisiya fəaliyyəti və siyasəti -- Mövzu 3. İnvestisiyanın təsnifləşdirilməsi. İnvestisiya layihələrinin mahiyyəti, vəzifələri və iqtisadi sahələrin inkişafında rolu -- Mövzu 4. İnvestisiyanın iqtisadi inkişafda rolu -- Mövzu 5. İnvestisiya layihəsinin hazırlanması və reallaşdırılması mərhələləri -- Mövzu 6. İnvestisiya layihələrinin maliyyələşdirilməsi mənbələri -- Mövzu 7. İnvestisiya qoyuluşlarının səmərəliliyinin qiymətləndirilməsində zaman, qeyri-müəyyənlik və risk amillərinin nəzərə alınması zəruriliyi -- Mövzu 8. İnvestisiya qoyuluşlarının həcm və strukturuna təsir edən amillər -- Mövzu 9. İnvestisiya layihələrinin səmərəliliyinin statik və pul axınlarının diskontlaşdırılmasına əsaslanan metodları -- Mövzu 10. İnvestisiya layihələrinin iqtisadi səmərəliliyinin qiymətləndirilməsində gəlir-xərc təhlili və xərclərin səmərəliliyi metodları və onların tətbiq istiqamətləri -- Mövzu 11. İnvestisiya layihələrinin strateji məqsədlərinin formalaşdırılması -- Mövzu 12. Kapital qoyuluşunun tərkibi və strukturu -- Mövzu 13. Müəssisənin innovasiya fəaliyyətinin mahiyyəti və növləri -- Mövzu 14. İntellektual mülkiyyətin mahiyyəti və tərkibi -- Mövzu 15. Elektronika və kompüter texnikası əsasında istehsalın idarəetmə proseslərinin kompleks tənzimlənməsi
520 _aDərs vəsaitində sənayedə investisiya və innovasiya fəaliyyətində investisiya qoyuluşunun mahiyyəti və formaları, onların təsnifləşdirilməsi, ölkə iqtisadiyyatının iqtisadi inkişafda rolu, investisiya layihələrinin hazırlanması, reallaşdırılması, maliyyələşdirilməsi, investisiya qoyuluşlarının həcmi və strukturuna təsir edən amillər, kapital qoyuluşu, onun tərkibi və digər məsələlər məntiqi izah olunmuşdur. Təqdim olunan kitabda investisiyanın fəaliyyətində layihələrin işlənməsi, təşkili, idarə olunması, hesablanması metodları, səmərəliliyini qiymətləndirmək və investisiyanın tətbiq sahələrini müəyyənləşdirmək, əsas istehsal sahələrinin müasir durumu, xarici investisiyaların əsas istehsal sahələrinə cəlb olunmasının əhəmiyyəti, iqtisadi inkişafın tənzimlənməsi və möhkəmlənməsində innovasiya fəaliyyətinin rolu, müasir elektronika və kompüter sistemlərinin nəzəri aspektləri, sənayenin idarə edilməsində elektronika və kompüter sistemlərinin tətbiqi prinsipləri ardıcıllıqla verilmişdir. Dərs vəsaiti universitetin “Sənayedə investisiya və innovasiya fəaliyyəti” fənni üzrə tədris proqramına uyğun tərtib edilmişdir.
521 _aKitabdan iqtisad yönümlü universitetlərin professor-müəllim heyəti, magistrant, doktorant, tələbə və elmi-tədqiqat müəssisələrinin əməkdaşları bəhrələnə bilər.
650 7 _aİqtisadiyyat
_2AZ-XaKU
655 _2AZ-XaKU
_aDərslik
700 1 _aKərimov, K.S,
_qmüəllif.
700 1 _aAtaşov, Bəyalı,
_qelmi redaktor.
700 1 _aSəfərov, Qənimət,
_qrəyçi.
700 1 _aHüseynov, Arif,
_qrəyçi.
942 _cBOOK
999 _c492
_d492